000 00691nam a22002297a 4500
003 UA-OsUOA
001 66978
007 ta
008 20100208b un ||||| |||| 00| 0 ukr d
090 _a016:930.25
_bВ42
942 _cBK
040 _aUA-OsUOA
_bukr
_cUA-OsUOA
_dUA-OsUOA
245 _aВидання державних архівних установ України 1991 - 2006
_bБібліографічний покажчик
300 _a157 с.
955 _a2
041 _aukr
080 _a016:930.25
020 _a978-966-625-047-9
260 _aК.
_c2007
650 7 _a01 Бібліографія і бібліографії. Каталоги
_2UDC
999 _c352914
_d352914